000 00418nab a2200145Ia 4500
003 ES-SlBCS
005 20210601150853.0
008 140529s1957 xxu||||| |||| 00| 0 spa d
041 _aspa
100 1 _aViñayo, Cándido de
_9327347
245 0 0 _aVida de amor
_c Cándido de Viñayo
650 0 4 _aAmor
_986745
773 0 _tVida Sobrenatural, la
_gvol. 58, 1957, págs. 24-30 / 110-117 / 271-273
_wRev495
942 _cAR
999 _c748127
_d748127